Кирилло-Мефодиевские чтения (Запись № 1790983)

Подробности
000 -МАРКЕР
контрольное поле 02058nam0a2200373 4500
001 - ИДЕНТИФИКАТОР ЗАПИСИ
контрольное поле RU\NLR\bibl\1507375
005 - ИДЕНТИФИКАТОР ВЕРСИИ
контрольное поле 20260409075603.0
021 ## - НОМЕР ГОСУДАРСТВЕННОЙ РЕГИСТРАЦИИ
Код страны Российская Федерация
Номер 2010-20840
Номер Листа государственной регистраци 1408
035 ## - ДРУГИЕ СИСТЕМНЫЕ НОМЕРА
Идентификатор записи (NLR Aleph) 001498791
100 ## - ДАННЫЕ ОБЩЕЙ ОБРАБОТКИ
Данные общей обработки 20100323d2009 |||y0rusy50 ca
101 0# - ЯЗЫК РЕСУРСА
Язык текста, звукозаписи и т.д. русский
102 ## - СТРАНА ПУБЛИКАЦИИ ИЛИ ПРОИЗВОДСТВА
Страна публикации Российская Федерация
105 ## - ПОЛЕ КОДИРОВАННЫХ ДАННЫХ: ТЕКСТОВЫЕ МАТЕРИАЛЫ, МОНОГРАФИЧЕСКИЕ
Кодированные данные о монографическом текстовом документе a |||||||||
200 1# - ЗАГЛАВИЕ И СВЕДЕНИЯ ОБ ОТВЕТСТВЕННОСТИ
Основное заглавие Кирилло-Мефодиевские чтения
Сведения, относящиеся к заглавию материалы I межрегиональной православной конференции в честь святых равноапостольных Кирилла и Мефодия, 24 мая 2009 г.
Первые сведения об ответственности под ред. проф. В.С. Сизова, проф. Н.С. Александровой
210 ## - ПУБЛИКАЦИЯ, РАСПРОСТРАНЕНИЕ И ДР.
Место издания, распространения и т.д. Киров (Вятка)
Имя издателя, распространителя и т. д. ВСЭИ
Дата издания, распространения и т.д. 2009
215 ## - ФИЗИЧЕСКАЯ ХАРАКТЕРИСТИКА
Специфическое обозначение материала и объем 134 с.
Другие сведения о физической характеристике ил.
Размеры 21
300 ## - ОБЩИЕ ПРИМЕЧАНИЯ
Текст примечания В надзаг.: Вят. епархия, Вят. соц.-экон. ин-т
320 ## - ПРИМЕЧАНИЯ О НАЛИЧИИ В ДОКУМЕНТЕ БИБЛИОГРАФИИ / УКАЗАТЕЛЯ
Текст примечания Библиогр. в конце ст.
606 1# - НАИМЕНОВАНИЕ ТЕМЫ КАК ПРЕДМЕТ
Наименование темы Православное воспитание
Формальный подзаголовок Съезды, совещания и т.п.
Системный номер авторитетной/нормативной записи 2162476
Идентификатор авторитетной/нормативной записи RU\NLR\auth\661301319
606 ## - НАИМЕНОВАНИЕ ТЕМЫ КАК ПРЕДМЕТ
Наименование темы Духовно-нравственное воспитание
Формальный подзаголовок Съезды, совещания и т.п.
Системный номер авторитетной/нормативной записи 2480714
Идентификатор авторитетной/нормативной записи RU\NLR\auth\661472659
686 ## - ИНДЕКСЫ ДРУГИХ КЛАССИФИКАЦИЙ
Индекс Ч313.504я431
686 ## - ИНДЕКСЫ ДРУГИХ КЛАССИФИКАЦИЙ
Индекс Ч313.52я431
702 #1 - ИМЯ ЛИЦА - ВТОРИЧНАЯ ОТВЕТСТВЕННОСТЬ
Код отношения Автор
Графика поля Кириллица
Материалы, к которым относится поле rus
Начальный элемент ввода Сизов
Часть имени, кроме начального элемента ввода В. С.
Дополнения к именам, кроме дат д-р экон. наук, писатель
Даты 1966-
Расширение инициалов личного имени Владимир Сергеевич
Системный номер авторитетной/нормативной записи 66022
Идентификатор авторитетной/нормативной записи RU\NLR\AUTH\7783094
702 #0 - ИМЯ ЛИЦА - ВТОРИЧНАЯ ОТВЕТСТВЕННОСТЬ
Код отношения Прочие
Графика поля Кириллица
Материалы, к которым относится поле rus
Начальный элемент ввода Кирилл
Даты 827-869
Системный номер авторитетной/нормативной записи 118898
Идентификатор авторитетной/нормативной записи RU\NLR\AUTH\779030
702 #0 - ИМЯ ЛИЦА - ВТОРИЧНАЯ ОТВЕТСТВЕННОСТЬ
Графика поля Кириллица
Материалы, к которым относится поле rus
Начальный элемент ввода Мефодий
Даты ок.815-885
Системный номер авторитетной/нормативной записи 118899
Идентификатор авторитетной/нормативной записи RU\NLR\AUTH\779031
711 12 - НАИМЕНОВАНИЕ ОРГАНИЗАЦИИ - АЛЬТЕРНАТИВНАЯ ОТВЕТСТВЕННОСТЬ
Код отношения Автор
Начальный элемент ввода Межрегиональная православная конференция в честь святых равноапостольных Кирилла и Мефодия
Порядковый номер временной организации и / или порядковый номер ее части 1
Место проведения временной организации Киров
Дата проведения временной организации 2009
Системный номер авторитетной/нормативной записи 801932
Идентификатор авторитетной/нормативной записи RU\NLR\AUTH\8810153392
801 #0 - ИСТОЧНИК ЗАПИСИ
Страна Российская Федерация
Организация РГБ
Дата составления 20100323
Правила каталогизации rcr
801 #1 - ИСТОЧНИК ЗАПИСИ
Страна Российская Федерация
Организация РГБ
Дата составления 20100323
801 #2 - ИСТОЧНИК ЗАПИСИ
Страна Российская Федерация
Организация NLR
Дата составления 20100504
Правила каталогизации rcr
942 ## - ДОПОЛНИТЕЛЬНЫЕ ЭЛЕМЕНТЫ ЗАПИСИ (АБИС)
Тип экземпляра АБИС Книга
980 ## - КОЛЛЕКЦИЯ
Название коллекции Национальная библиография
980 ## - КОЛЛЕКЦИЯ
Название коллекции НБР
Экземпляры
Тип экземпляра Дата поступления Источник поступления Библиотека постоянного хранения Библиотека текущего хранения Место хранения Шифр хранения Штрих-код Статус экземпляра
Книга 04.05.2010 Обязательный экземпляр РНБ (Московский) РНБ (Московский) Русский книжный фонд: издания с 1957 года 2010-3/15057 3165078  
Книга 04.05.2010 Обязательный экземпляр РНБ (Московский) РНБ (Московский) Русский книжный фонд: издания с 1957 года 2010-3/15057 3165079